000 00508nam a2200181 i 4500
001 99837
003 ES-MaACL
005 20230906182549.0
007 t|
008 050919s1965 sp ||||1| spa d
100 1 _aMartínez Garrido, Alfonso.
_978114
245 1 3 _aEl miedo y la esperanza /
_cAlfonso Martínez Garrido.
250 _a[1ª ed.].
260 _aBarcelona :
_bDestino,
_c1965.
300 _a251 p. ;
_c19 cm.
500 _aPremio Eugenio Nadal 1964.
852 _aES-MaACL
_jC-26918
_bR.55910
999 _c99837
_d99837